000 01033naa a22003137a 4500
001 BR8203384
003 BR-BrBNA
005 20250721143201.0
007 ta
008 250630b bl.|||m| |||| 00| 0 por d
040 _aBR-BrBNA
_bpor
_cBiblioteca Nacional de Agricultura
041 _a(Pt)
072 _aA50; E10
_b/G514
090 _aA50 BR8203384
100 1 _aPastore, J.
100 1 _aDias, G.L.S.
100 1 _aCastro, M.C. de
245 1 _aCondicionantes da produtividade da pesquisa agricola no Brasil [politica de pesquisa]
500 _aEconomia agricola: ensaios Sao Paulo, SP (Brasil): 1982. p. 37-85 [10 graphs; 25 ref.] (BR8203384-AMS)
650 _aTECNOLOGIA AGRICOLA
650 _aMERCADO
650 _aPESQUISA AGRICOLA
650 _aINVESTIMENTO
650 _aEXPORTACAO
650 _aPLANEJAMENTO DE PESQUISA
490 _aRelatorios de Pesquisa - Universidade de Sao Paulo. Inst. de Pesquisas Economicas (Brazil)
_vno. 11
942 _cAMS
_2AGRIS
909 _a202506
_bLúcia
_c55
_dLúcia Elande
999 _c334184
_d334184